000 00710nam a22002177a 4500
003 0
005 20240925134732.0
008 240925b xxu||||| |||| 00| 0 eng d
020 _a9781544337258
050 _aLB 1731
_b.B43 2020
100 _aBaecher, Laura,
_eauthor.
245 _aVideo in teacher learning :
_bthrough their own eyes /
_cLaura Baecher.
260 _aCalifornia :
_bCorwin,
_c2020.
300 _axiii, 184 p. :
_bill. ;
_c26 cm.
504 _aIncludes index.
650 _aTeachers
_vIn-service training
_xAudio-visual aids.
650 _aTeachers
_vTraining of
_xAudio-visual aids.
650 _aTeacher effectiveness
_xEvaluation.
650 _aVideo tapes in education.
942 _2lcc
_cBK
999 _c366392
_d366392